Datum a čas kvízu
15
Celkem bodů
Celkový počet nahraných bodů na tomto kvízu bez doplňovacích otázek.
4.
Pořadí na kvízu
Konečné umístění týmu na tomto kvízu.
Zaznamenané odpovědi
| # | Otázka | Odpověď | Body | Výsledky |
|---|---|---|---|---|
| 1. | Bývalý europoslanec a zakladat... | 0 | ||
| 2. | V centru Paříže se v sobotu se... | 0 | ||
| 3. | Největší úspěch na předávání E... | 0 | ||
| 4. | Evropské nezávislé konsorcium,... | 0 | ||
| 5. | Legendární norský běžec na lyž... | 0 | ||
| 6. | Z filmu S tebou mě baví svět:... | 1 | ||
| 7. | Student Plha potká ve filmu Ma... | 0 | ||
| 8. | Jak se jmenují pletichářští rá... | 1 | ||
| 9. | Který český král se dle septim... | 0 | ||
| 10. | „Hele, Hanko, já ti musim něco... | 1 |